[Event "Cadiz op 17th"]
[Site "San Fernando"]
[Date "2003.07.19"]
[Round "3.14"]
[White "Roman Sanchez, Jesus Maria"]
[Black "Gonzalez Nunez, Millan"]
[Result "1/2-1/2"]
[WhiteElo "2103"]
[BlackElo "1868"]
[PlyCount "98"]
[EventDate "2003.07.18"]
[EventType "swiss"]
[EventRounds "8"]
[EventCountry "ESP"]
[SourceTitle "CBM 095 Extra"]
[Source "ChessBase"]
[SourceDate "2003.09.04"]
[SourceVersion "1"]
[SourceVersionDate "2003.09.04"]
[SourceQuality "1"]

1. d4 g6 2. c4 Bg7 3. Nc3 Nf6 4. e4 d6 5. Nf3 c6 6. Be2 Nbd7 7. 0-0 0-0 8. Qc2 b6 9. Rd1 Qc7 10. b3 Bb7 11. Ba3 Rad8 12. Bc1 Rfe8 13. h3 e5 14. dxe5 Nxe5 15. Nxe5 dxe5 16. Be3 c5 17. Nd5 Nxd5 18. cxd5 Qd6 19. Bb5 Rf8 20. Qe2 f5 21. f3 Rf7 22. a4 a5 23. Bd2 Ra8 24. Bc3 f4 25. Kh2 Bf6 26. Qb2 Re7 27. Be1 Rd8 28. g3 Bg5 29. Qg2 Qf6 30. Bd2 Rf7 31. Be2 Rd6 32. gxf4 Bxf4+ 33. Bxf4 Qxf4+ 34. Qg3 Qxg3+ 35. Kxg3 Rf4 36. Rg1 Kf7 37. Kh2 Bc8 38. Rg5 Kf6 39. Rag1 Rh4 40. R1g3 Rf4 41. Rg1 Rh4 42. R5g3 Rf4 43. Kg2 Rh4 44. Bf1 Rf4 45. Kf2 Rh4 46. Ke3 Kg7 47. Rh1 Kf6 48. Rh2 h6 49. Rf2 g5 1/2-1/2